Manual de metodos de farbiricacion metalmecanica / Sergio A.Villanueva Pruneda (Registro nro. 24764)
[ vista simple ]
| 000 -LÍDER | |
|---|---|
| fixed length control field | 00450nam a2200145 4500 |
| 020 ## - NÚMERO INTERNACIONAL NORMALIZADO PARA LIBROS | |
| ISBN | 968-463-077-8 |
| 050 ## - SIGNATURA TOPOGRAFICA DE LA BIBLIOTECA DEL CONGRESO (LC) | |
| Número de Clasificación | TS183 V55 1983 |
| 082 ## - NUMERO DE CLASIFICACION DECIMAL DEWEY | |
| Número de Clasificación | 621.702 02 V196m |
| 100 ## - ASIENTO PRINCIPAL--NOMBRE PERSONAL | |
| Nombre personal | Villanueva Pruneda Sergio A. |
| 245 ## - TÍTULO | |
| Título | Manual de metodos de farbiricacion metalmecanica / Sergio A.Villanueva Pruneda |
| 260 ## - PUBLICACIÓN, DISTRIBUCIÓN, ETC. (PIE DE IMPRENTA) | |
| Lugar de publicación, distribución, etc. | Mexico : AGT |
| 300 ## - DESCRIPCIÓN FÍSICA | |
| Extensión | 270p/30cm. |
| 650 ## - ASIENTO SECUNDARIO DE MATERIA - TERMINO TEMÁTICO | |
| Término temático o nombre geográfico como elemento de entrada | 1.MANUAL DE METODOS DE FABRICACION METALMECANICA |
| 700 ## - ASIENTO SECUNDARIO - NOMBRE PERSONAL | |
| Nombre personal | l.Ramos Watanave Jorge |
| No. biblioteca | No. biblioteca | Número de clasificación | Código de barras/Número de adquisición | Número de copia | Tipo de material |
|---|---|---|---|---|---|
| LUIS G. INCLAN | LUIS G. INCLAN | 621.702 02 V196m | 35671 | 12 | Libros |
| LUIS G. INCLAN | LUIS G. INCLAN | 621.702 02 V196m | 33830 | 6 | Libros |
| LUIS G. INCLAN | LUIS G. INCLAN | 621.702 02 V196m | 35668 | 9 | Libros |
| LUIS G. INCLAN | LUIS G. INCLAN | 621.702 02 V196m | 25545 | 4 | Libros |
| LUIS G. INCLAN | LUIS G. INCLAN | 621.702 02 V196m | 34984 | 4 | Libros |
| LUIS G. INCLAN | LUIS G. INCLAN | 621.702 02 V196m | 35670 | 11 | Libros |
| LUIS G. INCLAN | LUIS G. INCLAN | 621.702 02 V196m | 35669 | 10 | Libros |
